| 000 | 00468cam a2200181ua 4500 | ||
|---|---|---|---|
| 020 | _c22.50 | ||
| 041 |
_aeng _h |
||
| 082 |
_a342.029 _bAGG/CO |
||
| 100 | _aAggarwala, R C . | ||
| 245 |
_aConstitutional history of India and national movement / _cR C Aggarwala. _hTextual Documents |
||
| 250 |
_a3 / _b. |
||
| 260 |
_aNew Delhi : _bS.Chand and Co , _c1974. |
||
| 300 | _a772 ; . | ||
| 365 | _a22.50 | ||
| 504 | _a | ||
| 942 | _cBK | ||
| 999 |
_c11425 _d11425 |
||